000 00603nam a2200229Ia 4500
003 OSt
005 20220925221001.0
006 a|||||r|||| 00| 0
007 ta
008 220923b |||||||| |||| 00| 0 eng d
037 _cGeneral Book
040 _aRTL
_cRTL
_beng
041 _2eng
_aeng
082 _aX9(F55)k, M2
100 _aSlesser Malcolm Ed.
_9285665
245 0 _aDictionary of energy
260 _aLondon
_bMacmillan U K
_c1982
300 _a299p.
_ccm.
650 _aFuel
942 _hX9(F55)k, M2
_cGB
_2CC
999 _c573026
_d573026